00477 2200181 4500245005800000020002200058250001100080100002900091700001800120700001200138650002600150005001900176260004000195041001400235084001100249300002600260336000900286 aPencemaran LingkungancAndriyatie PoerwaningsihhText a978-602-7721-22-7 aCet. 1 aAndriyatie Poerwaningsih aLaila Febrina aMeilany aPencemaran Lingkungan a20230331103600 aBekasibDinamika Global Mediac2012 aIndonesia a363.73 avi, 66 hlm. :c25 cm. atext